000308473 001__ 308473
000308473 005__ 20240928181447.0
000308473 0247_ $$aG:(GEPRIS)27992783$$d27992783
000308473 035__ $$aG:(GEPRIS)27992783
000308473 040__ $$aGEPRIS$$chttp://gepris.its.kfa-juelich.de
000308473 150__ $$aGERMANIA LITTERARIA MEDIAEVALIS FRANCIGENA (GLMF) Handbuch der deutschen und niederländischen mittelalterlichen literarischen Sprache, Formen, Motive, Stoffe und Werke französischer Herkunft (1100-1300)$$y2007 - 2015
000308473 371__ $$aProfessor Dr. Fritz Peter Knapp
000308473 450__ $$aDFG project G:(GEPRIS)27992783$$wd$$y2007 - 2015
000308473 5101_ $$0I:(DE-588b)2007744-0$$aDeutsche Forschungsgemeinschaft$$bDFG
000308473 680__ $$aDas Handbuch soll erstmals in Einzelartikeln einen umfassenden Überblick über Elemente der Sprache (Lexeme etc.), poetische Formen (Strophen etc.), Motive, Stoffe und Werke der deutschen und niederländischen mittelalterlichen Literatur der Zeit zwischen ca.1100 und ca. 1300 geben, welche auf Anregungen und Vorbildern aus Frankreich beruhen oder beruhen könnten. Es soll die enorme Ausstrahlungskraft der Kultur Frankreichs in jener Zeit ebenso dokumentieren wie die Aneignung, Anverwandlung und Neuformung der fremdsprachigen Vorgaben in den angrenzenden germanischen Sprachlandschaften. Ein internationales Herausgebergremium wird eine große Zahl von Mitarbeitern gewinnen und gemeinsam mit diesen das bisher in der Forschung zu diesem Thema Geleistete registrieren, zusammenstellen, kritisieren, ergänzen und systematisch präsentieren. Das Handbuch soll gleichermaßen als Quelle der Primärinformation für alle Interessierten wie als Grundlage weiterer, dringend erforderlicher Detailforschung dienen.
000308473 909CO $$ooai:juser.fz-juelich.de:975348$$pauthority$$pauthority:GRANT
000308473 909CO $$ooai:juser.fz-juelich.de:975348
000308473 980__ $$aG
000308473 980__ $$aAUTHORITY